| 000 | 00908cam a2200205 a 4500 | ||
|---|---|---|---|
| 005 | 20160923154231.0 | ||
| 008 | 020411s1994 ck r 10010 spa d | ||
| 040 |
_ala _cla |
||
| 041 | 0 | _aspa | |
| 044 | _ack | ||
| 082 | 0 | 4 |
_a333.9507 _bC74c |
| 111 | 2 |
_n1er. _aCongreso Nacional sobre Biodiversidad. _d(1994 : _cCali) |
|
| 245 | 1 | 0 |
_aI Congreso Nacional sobre Biodiversidad : _bprograma-resúmenes / _cI Congreso, Santiago de Cali, 4 al 7 de diciembre de 1994. |
| 260 |
_aCali, Colopmbia : _bUniversidad del Valle, Ministerio del Medio Ambiente, _c1994. |
||
| 300 |
_a120 páginas ; _c22 x 18 cm. |
||
| 650 | 2 | 6 |
_aBiodiversidad _zColombia _vProgramas _vCongresos, conferencias, etc.. |
| 650 | 2 | 6 |
_aMedio ambiente _xInvestigación _zColombia _vCongresos, conferencias, etc.. |
| 650 | 2 | 6 |
_aConservación de la diversidad biológica _vCongresos, conferencias, etc.. |
| 942 |
_2ddc _cLIBRO |
||
| 999 |
_c882 _d882 |
||